000 00560nam a2200181Ia 4500
001 10031
005 20260306161801.0
008 260306t1986||||xx |||||||||||||| ||spa||
041 _aESP
082 _aPE 869.56063
_bP56
100 _aEncuentro de Narradores Peruanos
_eAUT
245 0 _aPrimer encuentro de narradores peruanos:
_bAlegría, Arguedas, Hernández, Izquierdo, Meneses, Reynoso, Silva, Salazar Bondy, Vargas Vicuña, Vargas Llosa, Zavaleta
260 _c1986
300 _a
_c
650 _aGEN
654 _aCHU
942 _cLIB
_dJUS
_fJUS
_2ddc
_n
999 _c10031
_d10031